Anti-seizure legislation (Record no. 105326)

MARC details
000 -LEADER
fixed length control field 01283cam a2200205 4500
001 - CONTROL NUMBER
control field ##L133090
008 - FIXED-LENGTH DATA ELEMENTS--GENERAL INFORMATION
fixed length control field 060410n2006 000 0 eng u
035 ## - SYSTEM CONTROL NUMBER
System control number (Sirsi) u133090
041 0# - LANGUAGE CODE
Language code of text/sound track or separate title eng
050 04 - LIBRARY OF CONGRESS CALL NUMBER
Classification number 745.1 $2 18
110 24 - MAIN ENTRY--CORPORATE NAME
Corporate name or jurisdiction name as entry element United Kingdom
Subordinate unit Department for Culture, Media and Sport
245 00 - TITLE STATEMENT
Title Anti-seizure legislation
260 ## - PUBLICATION, DISTRIBUTION, ETC.
Place of publication, distribution, etc. London
Name of publisher, distributor, etc. DCMS
Date of publication, distribution, etc. 2006
490 #0 - SERIES STATEMENT
Series statement DCMS Consultation Paper
520 ## - SUMMARY, ETC.
Summary, etc. Exhibitions of a multi-cultural nature are playing an integral part in UK museums and galleries. Unfortunately, the United Kingdom does not have legislation granting immunity from seizure to items lent to exhibitions. As a consequence of this, it is not possible to give a guarantee that an exhibition piece would not be liable to seizure in this country. This paper considers whether it is appropriate for the United Kingdom to enact anti-seizure legislation protecting items for exhibition, and if so, what form such legislation should take.
590 ## - LOCAL NOTE (RLIN)
Local note IKA110406
690 ## - LOCAL SUBJECT ADDED ENTRY--TOPICAL TERM (OCLC, RLIN)
Topical term or geographic name as entry element Arts and antiques
9 (RLIN) 6217
856 40 - ELECTRONIC LOCATION AND ACCESS
Uniform Resource Identifier <a href="https://www.culture.gov.uk/global/consultations/2006+current+consultations/anti_seizure.htm?properties=2006+current+consultations%2C%2Fglobal%2Fconsultations%2Fdefault%2C&month=">https://www.culture.gov.uk/global/consultations/2006+current+consultations/anti_seizure.htm?properties=2006+current+consultations%2C%2Fglobal%2Fconsultations%2Fdefault%2C&month=</a>
Public note View this document at www.culture.gov.uk...
942 ## - ADDED ENTRY ELEMENTS (KOHA)
Suppress in OPAC 0
Holdings
Withdrawn status Lost status Source of classification or shelving scheme Damaged status Not for loan Home library Current library Shelving location Date acquired Total Checkouts Full call number Barcode Date last seen Copy number Price effective from Koha item type
    Dewey Decimal Classification     Virtual Virtual Online 10/04/2006   ONLINE PUBLICATION 133090-1001 06/08/2019 1 06/08/2019 Book